Filosofskij slovar /

Guardado en:
Detalles Bibliográficos
Otros Autores: Frolov, I.T (Compilador)
Formato: Libro
Lenguaje:ruso
Publicado: Moskva : Politizdat, 1986
Etiquetas: Agregar Etiqueta
Sin Etiquetas, Sea el primero en etiquetar este registro!

MARC

LEADER 00000nam a22000003a 4500
001 stu8634
005 20150617225806.9
008 960308s1986----xxr-----------------rus-d
040 |a STU  |b slo 
041 0 |a rus 
044 |a xxr 
080 |a 1 
080 |a 801.322.1 
100 1 |a Frolov, I.T  |4 com 
245 1 |a Filosofskij slovar /  |c Edit. Frolov,I.T 
260 |a Moskva :  |b Politizdat,  |c 1986 
300 |a 588 s 
996 |b E62666  |c E*62666  |l EE03  |s P  |a 0  |w stu8634_0001